Diseño de sistemas de producción

Tallennettuna:
Bibliografiset tiedot
Päätekijä: Nadler, Gerald (autor)
Aineistotyyppi: Kirja
Kieli:espanja
Julkaistu: Buenos Aires El Ateneo 1971
Aiheet:
Tagit: Lisää tagi
Ei tageja, Lisää ensimmäinen tagi!

MARC

LEADER 00000nam a2200000 a 4500
001 UCZ1831
003 CL-VaPUC
008 950907e19710000AG |||||||||||||||||spa|d
082 0 4 |a 658.503  |b NAD  |2 21 
100 |a Nadler, Gerald  |e autor  |9 345455 
245 1 0 |a Diseño de sistemas de producción 
300 |a 210 p 
942 |c BK 
945 |d 19950907 00:00:00  |a awong 
260 |a Buenos Aires  |b El Ateneo  |c 1971 
650 0 |a Producción  |x Planificación  |9 260672 
650 0 |a Producción   |9 263680 
650 7 |a SISTEMAS DE PLANIFICACION  |2 CL-VaPUC  |9 345456 
583 |a last modification  |c 19950907 00:00:00  |k Rodrigo Vera 
999 |c 238519  |d 238517 
952 |0 0  |1 0  |4 0  |6 658_503000000000000_NAD_1971  |7 0  |8 A  |9 248750  |a BIBING  |b BIBING  |d 2019-11-18  |i 3130657  |o 658.503 NAD 1971  |p 3130657  |r 2025-01-20  |w 2019-11-18  |y BK  |k ING 
952 |0 0  |1 0  |4 0  |6 658_503000000000000_NAD_1971  |7 0  |8 A  |9 248751  |a BIBGIM  |b BIBGIM  |d 2019-11-18  |i 1412841  |o 658.503 NAD 1971  |p 1412841  |r 2025-01-15  |w 2019-11-18  |y BK  |k COM